[Event "Tourn. n8075"]
[Site "www.chess-mail.com"]
[Date "2015.04.20"]
[Round "1"]
[White "Blackpool"]
[Black "Ff333"]
[WhiteElo "1990"]
[BlackElo "2050"]
[Result "0-1"]
[Round "1"]
1.d4 d5
2.Bc1f4 g6
3.e3 Bf8g7
4.c3 Ng8f6
5.Ng1f3 Nf6e4
6.Nb1d2 O-O
7.Bf1e2 Ne4xd2
8.Qd1xd2 Bc8f5
9.O-O Nb8c6
10.Be2b5 Nc6a5
11.Nf3e5 Bg7xe5
12.Bf4xe5 f6
13.Be5g3 a6
14.Bb5e2 Na5c4
15.Be2xc4 dxc4
16.e4 Bf5xe4
17.f3 Be4d3
18.Rf1e1 Kg7
19.Re1e3 f5
20.Bg3e5 Kg8
21.Re3e1 e6
22.Qd2h6 Qd8d7
23.h4 Qd7e7
24.f4 Bd3e4
25.Re1e3 Rf8f7
26.h5 Qe7h4
27.Re3h3 Qh4g4
28.hxg6 Qg4xg2
{ resign }
0-1

[Event "Tourn. n8091"]
[Site "www.chess-mail.com"]
[Date "2015.04.20"]
[Round "1"]
[White "Difficult"]
[Black "Francesco"]
[WhiteElo "2100"]
[BlackElo "2100"]
[Result "0-1"]
[Round "1"]
1.e4 c6
2.d4 d5
3.exd5 cxd5
4.Bf1d3 Nb8c6
5.c3 Ng8f6
6.Ng1f3 Bc8g4
7.O-O e6
8.Nb1d2 Bf8d6
9.Rf1e1 Qd8c7
10.h3 Bg4h5
11.Qd1c2 Bh5g6
12.Bd3xg6 hxg6
13.Qc2d1 O-O-O
14.Nd2b3 Rh8h7
15.Bc1e3 Kb8
16.a4 Nf6e4
17.Nf3d2 f5
18.Nd2f3 Rd8h8
19.a5 f4
20.Be3d2 g5
21.Nf3h2 Nc6e7
22.Nh2f3 g4
23.Nf3e5 gxh3
24.gxh3 Rh7xh3
{ resign }
0-1

[Event "Tourn. n8135"]
[Site "www.chess-mail.com"]
[Date "2015.04.20"]
[Round "1"]
[White "Tomasseeber"]
[Black "Difficult"]
[WhiteElo "2240"]
[BlackElo "2140"]
[Result "1-0"]
[Round "1"]
1.Ng1f3 c5
2.g3 Nb8c6
3.d4 cxd4
4.Nf3xd4 Ng8f6
5.Bf1g2 g6
6.O-O Bf8g7
7.c3 O-O
8.Bc1g5 a6
9.a4 Qd8c7
10.Nb1d2 d6
11.Nd2e4 Nf6xe4
12.Bg2xe4 h6
13.Bg5e3 Nc6xd4
14.Be3xd4 Bg7xd4
15.Qd1xd4 Bc8e6
16.h4 Ra8c8
17.Qd4e3 Kg7
18.Qe3a7 Rc8b8
19.Qa7d4 Kg8
{ time. }
1-0

[Event "Tourn. n8098"]
[Site "www.chess-mail.com"]
[Date "2015.04.20"]
[Round "1"]
[White "Cathar"]
[Black "Tartan"]
[WhiteElo "2230"]
[BlackElo "2350"]
[Result "0-1"]
[Round "1"]
1.c4 e6
2.g3 d5
3.Bf1g2 dxc4
4.Nb1a3 Bf8xa3
5.bxa3 c6
6.Bc1b2 Ng8f6
7.Ng1f3 O-O
8.O-O Nb8d7
9.Qd1c2 b5
10.a4 Bc8b7
11.Rf1d1 Qd8a5
12.Nf3d4 Qa5b6
13.d3 c5
14.Bg2xb7 Qb6xb7
15.Nd4xb5 a6
16.Nb5d6 cxd3
17.Rd1xd3 Qb7c7
18.Nd6c4 Nf6d5
19.a5 Nd5b4
20.Qc2c3 Nd7f6
21.Rd3d2 Ra8d8
22.Rd2xd8 Rf8xd8
23.a3 Nb4c6
24.e3 Nf6e8
25.Ra1c1 Rd8b8
26.Rc1d1 f6
27.f4 Rb8d8
28.Rd1d3 Ne8d6
29.Nc4xd6 Rd8xd6
30.Rd3xd6 Qc7xd6
31.e4 Qd6d1
32.Kf2 Nc6d4
33.Kg2 Qd1e2
34.Kh3 Qe2f1
35.Kg4 Qf1g2
36.Qc3c1 h5
37.Kxh5 Qg2h3
38.Kg6 Qh3h6
{ resign }
0-1

[Event "Tourn. n8201"]
[Site "www.chess-mail.com"]
[Date "2015.04.20"]
[Round "1"]
[White "Bojan"]
[Black "Fangshuo"]
[WhiteElo "1960"]
[BlackElo "2010"]
[Result "0-1"]
[Round "1"]
1.e4 e6
2.d4 d5
3.Bf1d3 c5
4.Bc1e3 Nb8c6
5.dxc5 dxe4
6.Bd3xe4 Qd8xd1
7.Kxd1 Bc8d7
8.c3 Ng8f6
9.Be4f3 O-O-O
10.Kc2 Nc6e5
11.Nb1d2 Ne5g4
12.b4 Ng4xe3
13.fxe3 Bd7a4
14.Kc1 g5
15.h3 Bf8g7
16.Ng1e2 Rd8d3
17.e4 h5
18.e5 Nf6d7
19.Nd2b3 Nd7xe5
20.Kc2 Rh8d8
21.Ne2d4 Ba4b5
22.Nd4xb5 Ne5xf3
23.gxf3 Rd3xf3
24.Nb5d6 Kd7
25.Nb3d4 Rf3g3
26.Ra1g1 Rg3xg1
27.Rh1xg1 f6
28.Rg1e1 e5
29.Nd4f5 Bg7f8
30.Nd6xb7 Rd8e8
31.Nb7d6 Bf8xd6
32.Nf5xd6 Re8f8
33.Re1f1 Ke6
34.Kd3 f5
35.a4 g4
36.hxg4 hxg4
37.Nd6b5 g3
38.Nb5xa7 f4
39.Ke2 e4
40.c6 f3
41.Rf1xf3 exf3
{ resign }
0-1

[Event "Tourn. n7967"]
[Site "www.chess-mail.com"]
[Date "2015.04.20"]
[Round "1"]
[White "Osopanda"]
[Black "Difficult"]
[WhiteElo "2020"]
[BlackElo "1880"]
[Result "1-0"]
[Round "1"]
1.c4 e6
2.d4 d5
3.Ng1f3 dxc4
4.e4 a6
5.Bf1xc4 Ng8f6
6.Nb1c3 b5
7.Bc4d3 Bc8b7
8.e5 Nf6d5
9.O-O Nd5xc3
10.bxc3 Bf8e7
11.a4 c6
12.axb5 cxb5
13.Rf1e1 O-O
14.Bc1b2 Nb8d7
15.c4 bxc4
16.Bd3xc4 Nd7b6
17.Bc4e2 Nb6d5
18.Be2d3 h6
19.Nf3d2 Nd5b4
20.Bd3b1 Ra8c8
21.Nd2e4 Bb7d5
22.Qd1g4 Nb4c2
23.Bb1xc2 Rc8xc2
24.Bb2a3 Bd5xe4
25.Qg4xe4 Rc2c4
26.Ba3xe7 Qd8xe7
27.Ra1xa6 Rf8d8
28.Ra6a8 Rd8xa8
29.Qe4xa8 Kh7
30.Qa8e4 g6
31.f4 Qe7d7
32.Re1d1 Kg7
33.g4 Qd7a4
34.Rd1d2 Qa4b4
35.Rd2d3 Rc4c1
36.Kf2 Rc1c2
37.Kg3 Qb4b2
38.d5 exd5
39.Rd3xd5 Rc2xh2
40.Qe4f3 Rh2c2
41.Rd5d3 Rc2c1
42.g5 Rc1g1
43.Kh3 h5
44.f5 gxf5
45.e6 h4
46.Kxh4 Qb2h2
47.Qf3h3 Qh2xh3
48.Rd3xh3 fxe6
49.Rh3e3 Kf7
50.Re3e5 Rg1h1
51.Kg3 Rh1h5
52.g6 Kf6
53.Re5e3 Rh5g5
54.Kf3 Rg5xg6
55.Re3a3 Kg5
56.Ra3a1 e5
57.Ra1g1 Kf6
58.Rg1a1 { time. }
1-0

[Event "Tourn. n8055"]
[Site "www.chess-mail.com"]
[Date "2015.04.20"]
[Round "1"]
[White "Snebur56"]
[Black "Jose"]
[WhiteElo "2360"]
[BlackElo "2690"]
[Result "1/2-1/2"]
[Round "1"]
1.e4 e5
2.Ng1f3 Nb8c6
3.Bf1b5 a6
4.Bb5a4 Ng8f6
5.O-O Bf8e7
6.Rf1e1 b5
7.Ba4b3 d6
8.c3 O-O
9.h3 Nc6a5
10.Bb3c2 c5
11.d4 Qd8c7
12.Nb1d2 cxd4
13.cxd4 Na5c6
14.Nd2b3 a5
15.Bc1e3 a4
16.Nb3d2 Bc8d7
17.Ra1c1 Qc7b7
18.Qd1e2 Rf8e8
19.Bc2d3 Ra8b8
20.d5 Nc6b4
21.Bd3b1 Re8c8
22.a3 Nb4a6
23.Bb1d3 Be7d8
24.Re1d1 h6
25.Rd1f1 Bd8b6
26.Bd3xb5 Rc8xc1
27.Rf1xc1 Bd7xb5
28.Qe2xb5 Bb6xe3
29.Qb5xb7 Be3xf2
30.Kxf2 Rb8xb7
31.Rc1c8 Kh7
32.Rc8c2 Na6c5
33.Ke3 Rb7b5
34.g4 Nf6e8
35.Nf3e1 Kg6
36.Ne1d3 Nc5xd3
{ draw }
1/2-1/2

[Event "Tourn. n8129"]
[Site "www.chess-mail.com"]
[Date "2015.04.20"]
[Round "1"]
[White "Roqueur"]
[Black "Szustan"]
[WhiteElo "2590"]
[BlackElo "2610"]
[Result "1/2-1/2"]
[Round "1"]
1.e4 e5
2.Ng1f3 Nb8c6
3.Bf1b5 a6
4.Bb5a4 Ng8f6
5.O-O Nf6xe4
6.d4 b5
7.Ba4b3 d5
8.dxe5 Bc8e6
9.Nb1d2 Ne4c5
10.c3 d4
11.Bb3xe6 Nc5xe6
12.cxd4 Ne6xd4
13.Nf3xd4 Nc6xd4
14.Nd2b3 Nd4xb3
15.Qd1xb3 Bf8c5
16.Qb3g3 Qd8d5
17.a4 b4
18.Qg3xg7 O-O-O
19.Qg7f6 Kb7
20.Bc1g5 Rh8e8
21.Qf6f4 Rd8d7
22.Bg5f6 Re8e6
23.Ra1c1 Re6c6
24.g3 Qd5b3
25.Qf4e4 Qb3d5
26.Qe4e2 Qd5d2
27.Qe2f3 Qd2d5
28.Qf3xd5 Rd7xd5
29.Rc1d1 Rd5xd1
30.Rf1xd1 Bc5b6
31.Rd1d2 Rc6c1
{ draw }
1/2-1/2

[Event "Tourn. n8145"]
[Site "www.chess-mail.com"]
[Date "2015.04.20"]
[Round "1"]
[White "Difficult"]
[Black "Liencam2"]
[WhiteElo "2040"]
[BlackElo "2280"]
[Result "0-1"]
[Round "1"]
1.c4 e5
2.Nb1c3 Bf8b4
3.Nc3d5 a5
4.e3 Ng8f6
5.a3 Nf6xd5
6.cxd5 Bb4e7
7.d4 d6
8.dxe5 dxe5
9.Bf1b5 c6
10.dxc6 Qd8xd1
11.Kxd1 Nb8xc6
12.Bb5xc6 bxc6
13.Ng1f3 f6
14.Bc1d2 a4
15.Ra1c1 c5
16.h3 Bc8e6
{ time. }
0-1

[Event "Tourn. n8149"]
[Site "www.chess-mail.com"]
[Date "2015.04.20"]
[Round "1"]
[White "Guidom"]
[Black "Difficult"]
[WhiteElo "2080"]
[BlackElo "2040"]
[Result "1-0"]
[Round "1"]
1.e4 e5
2.Ng1f3 Nb8c6
3.Bf1b5 a6
4.Bb5a4 Ng8f6
5.O-O Bf8e7
6.d3 b5
7.Ba4b3 d6
8.c3 O-O
9.Bc1g5 Nc6a5
10.Bb3c2 c5
11.d4 Qd8c7
12.Qd1e2 Bc8g4
13.d5 Na5c4
14.b3 Nc4b6
15.h3 Bg4xf3
16.Qe2xf3 { time. }
1-0

[Event "Tourn. n8090"]
[Site "www.chess-mail.com"]
[Date "2015.04.20"]
[Round "1"]
[White "Bigoak"]
[Black "Ulysse21"]
[WhiteElo "1910"]
[BlackElo "1809"]
[Result "0-1"]
[Round "1"]
1.e4 c5
2.Nb1c3 Nb8c6
3.f4 g6
4.Ng1f3 Bf8g7
5.d3 d6
6.g3 e6
7.Bf1g2 Ng8e7
8.Nc3e2 O-O
9.O-O b6
10.Ra1b1 Bc8b7
11.c3 Ra8c8
12.Bc1e3 d5
13.exd5 Ne7xd5
14.Qd1d2 Nd5xe3
15.Qd2xe3 Nc6e7
16.Rb1d1 Qd8c7
17.d4 Ne7f5
18.Qe3f2 cxd4
19.Nf3xd4 Bb7xg2
20.Kxg2 Nf5xd4
21.Ne2xd4 e5
22.fxe5 Bg7xe5
23.Nd4f3 Be5g7
24.Nf3g5 h6
25.Ng5e4 Qc7c6
26.Qf2f3 f5
27.Ne4d2 Qc6xf3
28.Nd2xf3 Rc8d8
29.Nf3d4 Bg7xd4
30.Rd1xd4 Rd8xd4
31.cxd4 Rf8d8
32.Rf1d1 Rd8c8
33.Rd1d2 Kf7
34.Kf3 Ke6
35.g4 fxg4
36.Kxg4 Kd5
37.Kf4 Rc8e8
38.Rd2c2 Kxd4
39.Rc2c6 Re8e2
40.Rc6d6 Kc5
41.Rd6xg6 Re2xb2
42.Rg6xh6 Rb2xa2
43.Ke3 Kc4
44.Rh6h4 Kc3
45.Rh4h7 b5
46.Rh7c7 Kb3
47.h4 a5
48.Kd3 b4
49.h5 Ra2h2
50.Rc7h7 a4
{ resign }
0-1

[Event "Tourn. n8098"]
[Site "www.chess-mail.com"]
[Date "2015.04.20"]
[Round "1"]
[White "Cathar"]
[Black "Emmanuelasi"]
[WhiteElo "2230"]
[BlackElo "2340"]
[Result "0-1"]
[Round "1"]
1.c4 Nb8c6
2.Nb1c3 e5
3.g3 Bf8c5
4.Bf1g2 a6
5.e3 d6
6.Ng1e2 Ng8f6
7.a3 a5
8.O-O O-O
9.f4 Rf8e8
10.h3 Bc8f5
11.b3 Bf5d3
12.Rf1f2 Qd8c8
13.Bc1b2 h6
14.g4 Qc8d8
15.f5 e4
16.Ne2f4 Nc6e5
17.Nc3d5 Nf6xd5
18.cxd5 Qd8h4
19.Bb2xe5 Re8xe5
20.Nf4xd3 exd3
21.Ra1c1 Ra8e8
22.b4 axb4
23.axb4 Bc5b6
24.Rf2f3 Re5xd5
25.Qd1b3 c6
26.Kf1 h5
27.Rc1c4 Re8a8
28.Rc4c1 hxg4
{ resign }
0-1

[Event "Tourn. n7925"]
[Site "www.chess-mail.com"]
[Date "2015.04.20"]
[Round "1"]
[White "Seger"]
[Black "Szustan"]
[WhiteElo "2660"]
[BlackElo "2600"]
[Result "1/2-1/2"]
[Round "1"]
1.d4 d5
2.Bc1f4 Ng8f6
3.e3 e6
4.Ng1f3 Bf8e7
5.c4 O-O
6.Nb1c3 c5
7.dxc5 Be7xc5
8.cxd5 exd5
9.Bf1e2 Bc8e6
10.O-O Nb8c6
11.Qd1d3 Ra8c8
12.Rf1d1 a6
13.a3 Qd8e7
14.Nf3e5 Rf8d8
15.Ne5xc6 Rc8xc6
16.Be2f3 Bc5b6
17.Nc3e2 Be6g4
18.Ra1c1 Bg4xf3
19.gxf3 Nf6h5
20.Bf4g3 Rc6g6
21.Ne2d4 Qe7d7
22.Kg2 Nh5f6
23.Qd3f5 Qd7xf5
24.Nd4xf5 Kf8
25.Rd1d3 Nf6g8
26.Rc1d1 Ng8e7
27.Nf5xe7 Kxe7
28.Rd3xd5 Rd8xd5
29.Rd1xd5 Rg6c6
30.Rd5d3 f6
31.Rd3b3 Kd7
32.a4 Kc8
33.Rb3d3 Rc6c2
34.b3 Bb6a5
35.e4 Rc2d2
36.Rd3xd2 Ba5xd2
37.Kh3 Kd7
38.Kg4 g6
39.f4 Ke6
40.f5 gxf5
41.exf5 Ke7
42.Kf3 Kd7
43.Ke4 Kc6
44.Kd4 Bd2c1
45.a5 Bc1g5
46.h3 Bg5c1
47.f3 Bc1b2
48.Kc4 Bb2c1
{ draw }
1/2-1/2

[Event "Match"]
[Site "www.echecsemail.com"]
[Date "2015.04.20"]
[Round "1"]
[White "Alanocturna"]
[Black "F14"]
[WhiteElo "1600"]
[BlackElo "1599"]
[Result "1/2-1/2"]
[Round "1"]
1.g3 e5
2.Bf1g2 d5
3.e3 Ng8f6
4.Ng1e2 e4
5.O-O Bf8e7
6.Ne2f4 c6
7.d4 O-O
8.Nb1d2 Bc8g4
9.f3 exf3
10.Nd2xf3 Nb8d7
11.Qd1d3 Ra8c8
12.Rf1e1 Nf6e4
13.c4 f5
14.cxd5 cxd5
15.Nf4xd5 Nd7f6
16.Nd5xe7 Qd8xe7
17.b4 Rc8c3
18.Qd3b5 a6
19.Qb5e5 Qe7xb4
20.Bc1d2 Ne4xd2
21.Nf3xd2 Rf8e8
22.Qe5f4 Rc3d3
23.Nd2b3 h6
24.Ra1b1 Nf6h5
25.Qf4f2 Qb4e7
26.Nb3c5 Rd3xe3
27.Re1xe3 Qe7xe3
28.Qf2xe3 Re8xe3
29.Bg2xb7 a5
30.Bb7d5 Kh7
31.Nc5b3 Nh5f6
32.Bd5c6 Bg4f3
33.Bc6xf3 Re3xf3
34.Nb3xa5 Rf3d3
35.Na5c6 Nf6d5
36.a4 Rd3a3
37.a5 Nd5c7
38.Rb1b7 Nc7d5
39.Rb7d7 Nd5f6
40.Rd7f7 Kg6
41.Nc6e5 Kh7
42.Ne5d7 Nf6xd7
43.Rf7xd7 Ra3xa5
44.d5 Ra5a1
45.Kg2 Ra1d1
46.d6 { draw }
1/2-1/2

[Event "Match"]
[Site "www.echecsemail.com"]
[Date "2015.04.20"]
[Round "1"]
[White "Oxycontin"]
[Black "Nestor"]
[WhiteElo "2030"]
[BlackElo "2070"]
[Result "1-0"]
[Round "1"]
1.Ng1f3 Nb8c6
2.d4 d5
3.e3 Bc8g4
4.Bf1d3 Ng8f6
5.O-O g6
6.Nb1d2 Bf8g7
7.c4 O-O
8.a3 e5
9.dxe5 Nc6xe5
10.Bd3e2 Bg4xf3
11.Be2xf3 c6
12.cxd5 Nf6xd5
13.Bf3e2 Qd8c7
14.Nd2f3 Ra8d8
15.Qd1b3 b5
16.Bc1d2 a5
17.Ra1c1 Ne5xf3
18.Be2xf3 Nd5e7
19.Rf1d1 Qc7b6
20.Bd2c3 Ne7f5
21.Rd1xd8 Rf8xd8
22.Bc3xg7 Nf5xg7
23.Rc1xc6 Qb6b8
24.Qb3c2 Ng7f5
25.g3 Nf5e7
26.Rc6c7 Ne7c8
27.Bf3g4 Nc8d6
28.Qc2c6 Nd6e8
29.Rc7b7 Qb8d6
30.Qc6xb5 Qd6d2
31.Rb7d7 Rd8xd7
32.Qb5xd7 Qd2e1
33.Kg2 Ne8f6
34.Qd7c8 Kg7
35.Bg4f3 h5
36.Qc8c3 Qe1b1
37.b4 axb4
38.Qc3xb4 Qb1a2
39.a4 g5
40.Qb4d4 g4
41.Bf3c6 Kg6
42.Bc6e4 Nf6xe4
43.Qd4xe4 f5
44.Qe4e8 Kg5
45.e4 fxe4
46.Qe8xe4 h4
47.Qe4f4 Kh5
48.Qf4f5 Kh6
49.Qf5xg4 Qa2d5
50.Kh3 Qd5f7
51.Qg4f4 Kh5
52.Qf4xf7 Kh6
53.a5 { resign }
1-0

[Event "Match"]
[Site "www.echecsemail.com"]
[Date "2015.04.20"]
[Round "1"]
[White "Pariolinius"]
[Black "Harrytheking"]
[WhiteElo "1860"]
[BlackElo "1690"]
[Result "0-1"]
[Round "1"]
1.e4 e5
2.d4 exd4
3.Qd1xd4 Nb8c6
4.Qd4d1 Bf8e7
5.Ng1f3 h6
6.Bf1c4 a6
7.Nb1c3 d6
8.O-O Bc8e6
9.Bc4d3 Ng8f6
10.Bc1f4 Nf6h5
11.Bf4e3 O-O
12.Qd1e2 b5
13.Nc3d5 Be6xd5
14.exd5 Nc6e5
15.Nf3xe5 Nh5f4
16.Be3xf4 dxe5
17.Qe2xe5 Be7d6
18.Qe5e4 g6
19.Bf4xh6 Rf8e8
20.h4 Re8xe4
{ resign }
0-1

[Event "Match"]
[Site "www.echecsemail.com"]
[Date "2015.04.20"]
[Round "1"]
[White "Oxycontin"]
[Black "Fabos12"]
[WhiteElo "2030"]
[BlackElo "1870"]
[Result "1-0"]
[Round "1"]
1.d4 g6
2.Ng1f3 d6
3.g3 Bf8g7
4.Bf1g2 Ng8f6
5.O-O Bc8g4
6.e3 Nb8c6
7.Nb1d2 e5
8.dxe5 dxe5
9.Qd1e1 e4
10.Nf3d4 Nc6xd4
11.exd4 O-O
12.c3 Rf8e8
13.Nd2xe4 Nf6xe4
14.Bg2xe4 Bg4f3
15.Be4xf3 Re8xe1
16.Rf1xe1 Qd8f6
17.Bf3g2 h5
18.Bc1f4 c6
19.Re1e4 g5
20.Bf4e5 Qf6f5
21.Be5xg7 Kxg7
22.Ra1e1 Qf5b5
23.Re4e5 Qb5xb2
24.Re5xg5 Kf8
25.Rg5xh5 Kg7
26.Bg2e4 Qb2xc3
27.Rh5h7 Kf6
28.Rh7h6 Kg7
29.Rh6h7 Kg8
30.Re1e3 Qc3a1
31.Kg2 Ra8f8
32.Re3f3 Qa1xd4
33.Rf3f4 Rf8e8
34.Rf4g4 Kf8
35.Be4f3 Qd4a1
36.Rg4f4 Qa1xa2
37.Rh7h8 Ke7
38.Rf4e4  { time }
1-0

[Event "Match"]
[Site "www.echecsemail.com"]
[Date "2015.04.20"]
[Round "1"]
[White "Harrytheking"]
[Black "Guidom"]
[WhiteElo "1690"]
[BlackElo "2120"]
[Result "0-1"]
[Round "1"]
1.c4 c5
2.Nb1c3 Nb8c6
3.e3 Ng8f6
4.h3 e5
5.Ng1e2 d6
6.Ne2g3 Bc8e6
7.Bf1e2 Bf8e7
8.b3 O-O
9.O-O Qd8c8
10.a3 a6
11.Bc1b2 Ra8b8
12.Be2f3 b5
13.Nc3d5 Be6xd5
14.cxd5 Nc6d8
15.e4 Nd8b7
16.d3 g6
17.b4 Nf6d7
18.Bf3g4 Qc8d8
19.bxc5 Nd7xc5
20.Bb2c1 Be7f6
21.Bc1b2 Nc5a4
22.Bb2c1 Nb7c5
23.Bc1h6 Rf8e8
24.Ra1b1 Na4c3
25.Qd1c2 Nc3xb1
26.Rf1xb1 Bf6g7
27.Bh6xg7 Kxg7
28.h4 Qd8xh4
29.Bg4h3 a5
30.Qc2c3 b4
31.axb4 axb4
32.Qc3d2 Re8e7
33.Rb1xb4 Rb8xb4
34.Qd2xb4 Re7b7
35.Qb4d2 Qh4f4
36.Qd2xf4 exf4
37.Ng3e2 Nc5xd3
38.Ne2d4 Rb7b2
39.Nd4f3 Nd3xf2
40.Bh3d7 Nf2xe4
41.Bd7c8 Rb2b1
42.Kh2 Ne4f2
43.Nf3g1 f5
44.Bc8a6 Nf2g4
45.Kh1 h5
46.g3 f3
47.Ba6c4 f2
{ resign }
0-1

[Event "Match"]
[Site "www.echecsemail.com"]
[Date "2015.04.20"]
[Round "1"]
[White "Ketchuplover"]
[Black "Reanna"]
[WhiteElo "1940"]
[BlackElo "1560"]
[Result "1-0"]
[Round "1"]
1.Ng1f3 d6
2.b3 Nb8c6
3.Bc1b2 Ng8f6
4.d4 e6
5.Nb1d2 Bf8e7
6.e4 O-O
7.Bf1d3 Rf8e8
8.c4 Bc8d7
9.O-O Nf6g4
10.h3 Ng4f6
11.d5 exd5
12.exd5 Nc6e5
13.Bd3c2 Bd7xh3
14.gxh3 Nf6h5
15.Nf3xe5 dxe5
16.Qd1xh5 h6
17.Nd2f3 Be7g5
18.Nf3xe5 Bg5f6
19.Qh5xf7 Kh8
20.Ne5g6 Kh7
21.Ng6e7 Kh8
22.Bb2xf6 Re8xe7
23.Bf6xg7 { resign }
1-0

[Event "1/128 Finale"]
[Site "www.chess-mail.com"]
[Date "2015.04.20"]
[Round "1"]
[White "Genius7"]
[Black "Hrob71"]
[WhiteElo "1730"]
[BlackElo "1499"]
[Result "0-1"]
[Round "1"]
1.d4 d5
2.c4 e5
3.dxe5 d4
4.Ng1f3 Nb8c6
5.a3 Bc8g4
6.Nb1d2 Qd8e7
7.b4 O-O-O
8.Bc1b2 Bg4xf3
9.Nd2xf3 Nc6xe5
10.Nf3xe5 Qe7xe5
11.Qd1a4 Kb8
12.O-O-O Qe5f4
13.Kb1 Ng8f6
14.e3 Qf4f5
15.Bf1d3 Qf5xf2
16.Bb2xd4 b6
17.Qa4a6 Qf2xg2
18.Rh1f1 Bf8e7
19.Rd1c1 Qg2b7
20.Qa6b5 h6
21.a4 a6
22.Qb5f5 Be7xb4
23.Bd4xf6 gxf6
24.Bd3e4 Qb7c8
25.Qf5xc8 Rd8xc8
26.Rf1xf6 Rc8e8
27.Rf6f4 Bb4d2
28.Rc1d1 Bd2xe3
29.Rf4g4 Rh8f8
30.Be4d5 f5
31.Rg4g7 f4
32.Rd1f1 Be3d2
33.Kc2 Re8e2
34.Kd3 Re2xh2
35.Rf1d1 Bd2e3
36.Ke4 Rh2e2
37.Kf3 Re2f2
38.Ke4 Rf8h8
39.a5 h5
40.axb6 Be3xb6
41.Rd1b1 Ka7
42.c5 Rh8e8
43.Kd3 Re8e3
44.Kc4 Rf2c2
45.Kb4 Rc2xc5
{ resign }
0-1

[Event "1/8 Finale"]
[Site "www.chess-mail.com"]
[Date "2015.04.20"]
[Round "1"]
[White "Seger"]
[Black "Hwj"]
[WhiteElo "2670"]
[BlackElo "2780"]
[Result "1/2-1/2"]
[Round "1"]
1.d4 Ng8f6
2.Ng1f3 e6
3.c4 d5
4.Nb1c3 h6
5.Bc1f4 Bf8d6
6.Bf4xd6 cxd6
7.cxd5 Nf6xd5
8.Nc3xd5 exd5
9.e3 Nb8c6
10.Bf1d3 O-O
11.O-O Qd8b6
12.Qd1d2 Nc6b4
13.Bd3e2 Bc8f5
14.a3 Nb4c6
15.b4 a6
16.Rf1c1 Rf8c8
17.Nf3e1 Nc6e7
18.Rc1xc8 Ra8xc8
19.Ra1c1 Rc8xc1
20.Qd2xc1 g5
21.Ne1f3 f6
22.Nf3d2 Qb6c6
23.Qc1xc6 Ne7xc6
24.g4 Bf5c2
25.b5 axb5
26.Be2xb5 Kg7
27.Kg2 f5
28.gxf5 Bc2xf5
29.Kg3 Kf6
30.h4 Nc6a5
31.hxg5 hxg5
32.Kf3 Bf5c2
33.Ke2 Kf5
34.Bb5d7 Kf6
35.Bd7c8 Bc2g6
36.Bc8g4 Bg6c2
37.Ke1 Na5c4
38.Nd2xc4 dxc4
39.Bg4f3 b6
40.Kd2 { draw }
1/2-1/2

[Event "1/64 Finale"]
[Site "www.chess-mail.com"]
[Date "2015.04.20"]
[Round "1"]
[White "Chesspower"]
[Black "Averoes"]
[WhiteElo "1760"]
[BlackElo "2210"]
[Result "0-1"]
[Round "1"]
1.d4 Ng8f6
2.Nb1c3 d5
3.Ng1f3 Bc8f5
4.e3 e6
5.Bf1d3 Bf5xd3
6.cxd3 Nb8c6
7.O-O Bf8e7
8.Nf3e5 O-O
9.Ne5xc6 bxc6
10.b3 c5
11.dxc5 Be7xc5
12.d4 Bc5b4
13.Bc1b2 c5
14.dxc5 Bb4xc5
15.Nc3a4 { time. }
0-1

[Event "Eq:CONFOEDERATIONIS HELVETICAE-Los Tercios : "]
[Site "www.chess-mail.com"]
[Date "2015.04.20"]
[Round "1"]
[White "Asoka"]
[Black "Vasylpuzanov"]
[WhiteElo "2650"]
[BlackElo "2170"]
[Result "1/2-1/2"]
[Round "1"]
1.e4 e5
2.Ng1f3 Nb8c6
3.Bf1b5 a6
4.Bb5xc6 dxc6
5.O-O Bc8g4
6.d3 Bf8d6
7.h3 Bg4h5
8.Bc1e3 Ng8f6
9.Nb1d2 O-O
10.c3 Bh5xf3
11.Qd1xf3 c5
12.a4 a5
13.Nd2c4 b6
14.Be3g5 h6
15.Bg5xf6 Qd8xf6
16.Qf3xf6 gxf6
17.f3 Rf8d8
18.Kf2 Kh7
19.Ke2 Rd8d7
{ draw }
1/2-1/2

[Event "Eq:La Taverne-Los Tercios : "]
[Site "www.chess-mail.com"]
[Date "2015.04.20"]
[Round "1"]
[White "Xkafi"]
[Black "Gorgo"]
[WhiteElo "1910"]
[BlackElo "2440"]
[Result "0-1"]
[Round "1"]
1.d4 Ng8f6
2.Nb1c3 d5
3.Ng1f3 e6
4.a3 c5
5.Nf3e5 Bf8d6
6.Bc1f4 cxd4
7.Qd1xd4 O-O
8.Bf4g5 Nb8c6
9.Ne5xc6 bxc6
10.e3 e5
11.Qd4h4 Bd6e7
12.f3 h6
13.Bg5xf6 Be7xf6
14.Qh4h5 g6
15.Qh5xh6 Bf6g7
{ resign }
0-1

[Event "Fast Game"]
[Site "www.echecsemail.com"]
[Date "2015.04.20"]
[Round "1"]
[White "Attatroll"]
[Black "Xandersonx"]
[WhiteElo "1810"]
[BlackElo "1779"]
[Result "0-1"]
[Round "1"]
1.e4 e6
2.d4 b6
3.Ng1f3 Bc8b7
4.Nb1c3 Bf8b4
5.Bf1d3 d5
6.exd5 Bb4xc3
7.bxc3 Qd8xd5
8.c4 Qd5d6
9.O-O Nb8d7
10.a4 O-O-O
11.Bc1a3 c5
12.Ra1b1 Qd6c6
13.c3 g5
14.d5 exd5
15.Nf3xg5 Qc6f6
16.h4 h6
17.Ng5f3 dxc4
18.Bd3xc4 Nd7e5
19.Qd1e2 Ne5xf3
20.gxf3 Bb7xf3
21.Bc4a6 Kc7
{ resign }
0-1

[Event "Tourn. n8162"]
[Site "www.chess-mail.com"]
[Date "2015.04.21"]
[Round "1"]
[White "Battlejanson"]
[Black "Anja"]
[WhiteElo "1689"]
[BlackElo "1670"]
[Result "1-0"]
[Round "1"]
1.e4 Ng8f6
2.e5 Nf6d5
3.Nb1c3 Nd5xc3
4.dxc3 d6
5.Ng1f3 Nb8c6
6.Bc1f4 g6
7.Bf1c4 Bf8g7
8.Qd1e2 Bc8g4
9.Bc4xf7 Kd7
10.O-O-O Kc8
11.e6 Qd8f8
12.h3 Bg4xf3
13.Qe2xf3 Nc6d8
14.Qf3d5 c6
15.Qd5c4 Nd8xf7
16.exf7 e5
17.Qc4e6 Kc7
18.Bf4g5 Ra8c8
19.Bg5e7 { resign }
1-0

[Event "Tourn. n8173"]
[Site "www.chess-mail.com"]
[Date "2015.04.21"]
[Round "1"]
[White "Oxycontin"]
[Black "4knights"]
[WhiteElo "2100"]
[BlackElo "1850"]
[Result "0-1"]
[Round "1"]
1.Ng1f3 d5
2.d4 Ng8f6
3.e3 c5
4.c4 e6
5.Nb1c3 Nb8c6
6.cxd5 exd5
7.Bf1b5 Bf8d6
8.O-O O-O
9.Rf1e1 Rf8e8
10.a3 Bc8g4
11.Bb5e2 Bg4xf3
12.Be2xf3 cxd4
13.exd4 Re8xe1
14.Qd1xe1 Nc6xd4
15.Qe1d1 Qd8e7
16.Bc1g5 Qe7e5
{ resign }
0-1

[Event "Tourn. n8065"]
[Site "www.chess-mail.com"]
[Date "2015.04.21"]
[Round "1"]
[White "Anja"]
[Black "Azulmarino"]
[WhiteElo "1500"]
[BlackElo "1540"]
[Result "1-0"]
[Round "1"]
1.d4 d5
2.Ng1f3 Nb8c6
3.Bc1f4 f6
4.e3 h6
5.c4 Bc8g4
6.Nb1d2 g5
7.Bf4g3 Bf8g7
8.cxd5 Qd8xd5
9.Bf1c4 Qd5a5
10.O-O h5
11.h3 Bg4f5
12.Qd1b3 g4
13.Bc4xg8 O-O-O
14.Bg8e6 Bf5xe6
15.Qb3xe6 Rd8d7
16.hxg4 Qa5d5
17.Qe6xd5 Rd7xd5
18.gxh5 Rd5xh5
19.Nf3h2 f5
20.f4 e5
21.fxe5 Nc6b4
22.Nh2f3 Nb4d3
23.Bg3h2 Bg7h6
24.Nd2c4 f4
25.Rf1d1 fxe3
26.Rd1xd3 e2
27.Kf2 Rh8g8
28.Ra1g1 Rg8g4
29.Kxe2 a6
30.Kf2 Rh5f5
31.Nc4e3 Bh6xe3
32.Rd3xe3 Rg4xd4
33.e6 Rd4d8
34.Rg1c1 Rd8d2
35.Kg1 Rd2d8
36.Rc1xc7 Kb8
37.Rc7f7 Kc8
38.Re3c3 { resign }
1-0

[Event "Tourn. n8009"]
[Site "www.chess-mail.com"]
[Date "2015.04.21"]
[Round "1"]
[White "Falcoale"]
[Black "Silent1"]
[WhiteElo "1810"]
[BlackElo "1880"]
[Result "0-1"]
[Round "1"]
1.e4 e5
2.Ng1f3 d6
3.d4 exd4
4.Nf3xd4 Bf8e7
5.Nb1c3 Ng8f6
6.Bc1g5 O-O
7.Bf1d3 Bc8d7
8.f4 Nb8c6
9.Nd4f3 Bd7g4
10.h3 Bg4xf3
11.Qd1xf3 Nc6d4
12.Qf3e3 Nd4e6
13.O-O-O Ne6xg5
14.fxg5 Nf6h5
15.Kb1 Be7xg5
16.Qe3f3 Nh5f4
17.Bd3c4 Nf4e6
18.g3 Bg5f6
19.Nc3d5 Bf6e5
20.h4 c6
21.Nd5e3 Ne6d4
22.Qf3f2 Qd8f6
23.Qf2xf6 Be5xf6
24.Rh1f1 b5
25.Bc4b3 Nd4xb3
26.axb3 Bf6e5
27.g4 a5
28.g5 f6
29.Ne3f5 fxg5
30.hxg5 a4
31.Nf5e7 Kh8
32.Ne7xc6 Rf8xf1
33.Rd1xf1 axb3
34.Nc6xe5 bxc2
35.Kxc2 dxe5
36.Kc3 Kg8
37.Rf1f5 Ra8c8
38.Kb4 Rc8c4
39.Kxb5 Rc4xe4
40.b4 g6
41.Rf5f1 Kg7
42.Kb6 Re4xb4
43.Kc5 Rb4g4
44.Kd5 Rg4xg5
45.Ke6 e4
46.Rf1e1 Rg5f5
47.Re1xe4 Rf5f6
48.Kd5 Kf7
49.Re4h4 h5
50.Ke5 Rf6e6
51.Kd5 Re6e1
52.Rh4f4 Kg7
53.Kd4 Kh6
54.Rf4f8 h4
55.Kd3 Kh5
56.Kd2 Re1e5
57.Rf8h8 Kg4
{ resign }
0-1

[Event "Tourn. n8082"]
[Site "www.chess-mail.com"]
[Date "2015.04.21"]
[Round "1"]
[White "Cl3537"]
[Black "Derik"]
[WhiteElo "1410"]
[BlackElo "1470"]
[Result "0-1"]
[Round "1"]
1.e4 e6
2.Ng1f3 d5
3.Nb1c3 c5
4.d3 Ng8e7
5.Bf1e2 g6
6.O-O d4
7.Nc3b5 Bf8g7
8.c3 a6
9.c4 O-O
10.b3 Nb8c6
11.Bc1b2 axb5
12.cxb5 Nc6a5
13.h3 Bc8d7
14.g4 Bd7xb5
15.a4 Bb5c6
16.Ra1c1 Qd8b6
17.Nf3g5 Na5xb3
18.Rc1b1 Bc6xa4
19.f3 h6
20.Ng5xe6 Qb6xe6
21.f4 Ne7c6
22.f5 Qe6e5
23.fxg6 Qe5g3
24.Kh1 fxg6
25.Qd1e1 Qg3xh3
26.Kg1 Bg7e5
27.Rf1f3 Be5h2
28.Kf2 Qh3g3
29.Kf1 Qg3g1

0-1

[Event "Tourn. n8167"]
[Site "www.chess-mail.com"]
[Date "2015.04.21"]
[Round "1"]
[White "4knights"]
[Black "Anja"]
[WhiteElo "1830"]
[BlackElo "1670"]
[Result "0-1"]
[Round "1"]
1.d4 f5
2.g3 Ng8f6
3.Nb1c3 g6
4.Ng1f3 d6
5.Bf1g2 Bf8g7
6.O-O O-O
7.Qd1d3 Nb8c6
8.a3 e5
9.dxe5 dxe5
10.Qd3c4 Kh8
11.Nf3g5 Qd8e7
12.Bg2xc6 bxc6
13.Qc4xc6 Ra8b8
14.Nc3d5 Qe7d6
15.Qc6xd6 cxd6
16.b4 Nf6xd5
{ resign }
0-1